000
00270nam a22001217a 4500
008
190205b xxu||||| |||| 00| 0 eng d
041
_a
eng
080
_a
316
100
_a
50
101
_a
SOC
245
_a
Social Constructions of Gender
_c
Unger,R.K
942
_2
udc
_c
BK
999
_c
54063
_d
54063